| 000 | 00522nam a2200157 4500 | ||
|---|---|---|---|
| 008 | 0 1989 0an 000 0ESP | ||
| 020 | _a84-267-0739-4 | ||
| 050 | _aT57 A73 1989 | ||
| 082 | _a658.403.2 A766o | ||
| 100 | _aArbones Malisani, Eduardo A. | ||
| 245 | _aOptimización industrial (I): distribución de los recursos / Eduardo A. Arbones Malisani | ||
| 260 | _aEspaña : Marcombo | ||
| 300 | _a124 p. / 25 cm. | ||
| 440 | _aProdúctica 26 | ||
| 650 | _a1.OPTIMIZACION MATEMATICA \ 2.TRABAJO-PRODUCTIVIDAD | ||
| 999 |
_c15345 _d15345 |
||